Prevention of Food Adulteration Act, 1954 (Record no. 339680)

000 -LEADER
fixed length control field 00459cam a22001577a 4500
008 - FIXED-LENGTH DATA ELEMENTS--GENERAL INFORMATION
fixed length control field 180718b1989 xxu||||| |||| 00| 0 eng d
020 ## - INTERNATIONAL STANDARD BOOK NUMBER
International Standard Book Number 8170123895
082 ## - DEWEY DECIMAL CLASSIFICATION NUMBER
Classification number O603 M426
100 ## - MAIN ENTRY--PERSONAL NAME
Personal name Mathur, G.C.
245 ## - TITLE STATEMENT
Title Prevention of Food Adulteration Act, 1954
Statement of responsibility, etc. by G.C. Mathur
250 ## - EDITION STATEMENT
Edition statement 9th ed.
260 ## - PUBLICATION, DISTRIBUTION, ETC.
Place of publication, distribution, etc. Lucknow
Name of publisher, distributor, etc. Eastern
Date of publication, distribution, etc. 1989
300 ## - PHYSICAL DESCRIPTION
Extent 872p.
650 ## - SUBJECT ADDED ENTRY--TOPICAL TERM
Topical term or geographic name entry element India - Laws, Statutes etc.
650 ## - SUBJECT ADDED ENTRY--TOPICAL TERM
Topical term or geographic name entry element Food and drug adulteration - India - Legislation
Holdings
Withdrawn status Lost status Damaged status Not for loan Permanent Location Current Location Date acquired Full call number Barcode Date last seen Price effective from Koha item type
        Indian Institute of Public Administration Indian Institute of Public Administration 1993-07-07 O603 M426 66986 2018-07-21 2018-07-21 Book

Powered by Koha